| 000 | 00749nam a2200229 a 4500 | ||
|---|---|---|---|
| 020 | _a1856491390 | ||
| 020 | _a1856491404 (pbk.) | ||
| 040 | _cNNBG | ||
| 082 | 0 | 0 | _a333 ZED 1993 C158 Or. |
| 245 | 0 | 4 | _aThe Struggle for land and the fate of the forests / |
| 260 |
_aPenang, Malaysia : _bWorld Rainforest Movement ; _aSturminister Newton, England : _bEcologist ; _aLondon ; _aAtlantic Highlands, N.J. : _bZed Books, _c1993. |
||
| 300 |
_a389 p. : _bmaps ; _c22 cm. |
||
| 650 | 0 | _aRain forest conservation. | |
| 650 | 0 | _aLand use, Rural | |
| 650 | 0 | _aDeforestation | |
| 650 | 0 | _aForest conservation | |
| 650 | 0 | _aClearing of land | |
| 650 | 0 | _aReclamation of land | |
| 700 | 1 | _aColchester, Marcus. | |
| 700 | 1 | _aLohmann, Larry. | |
| 942 | _cAEDBB | ||
| 999 |
_c19012 _d19012 |
||